000 00708nam a2200229Ii 4500
003 JO-AjNU
008 230605s9999||||xx |||||||||||||| ||und||
017 _a2007/6/1668
020 _a978-9957-455-39-2
040 _aJO-AjNU
_bara
_erda
_cJO-AjNU
041 _aara
050 1 4 _aPJ7805.R2.A81 2007
100 3 _aتأليف رضوان،عبدالله,
_eauthor
_916804
245 0 0 _aمراثي البهلول شعر
250 _aط1
264 3 1 _aعمان:دار ورد الأردنية للنشر والتوزيع،2007
300 _a111ص
336 _atext
_btxt
_2rdacontent
337 _aunmediated
_bn
_2rdamedia
338 _avolume
_bnc
_2rdacarrier
650 4 _aالشعر العربي
_916805
999 _aA5062
_c8630
_d8630